Rising states, rising institutions (Record no. 4571)

MARC details
000 -LEADER
fixed length control field 01456nam a2200169Ia 4500
005 - DATE AND TIME OF LATEST TRANSACTION
control field 20250117103715.0
008 - FIXED-LENGTH DATA ELEMENTS--GENERAL INFORMATION
fixed length control field 250117s9999 xx 000 0 und d
020 ## - INTERNATIONAL STANDARD BOOK NUMBER
International Standard Book Number 9780815704225
082 ## - DEWEY DECIMAL CLASSIFICATION NUMBER
Classification number 341.2RIS
100 ## - MAIN ENTRY--PERSONAL NAME
Personal name Alan S. Alexandroff
245 #0 - TITLE STATEMENT
Title Rising states, rising institutions
Remainder of title challenges for global governance
260 ## - PUBLICATION, DISTRIBUTION, ETC.
Place of publication, distribution, etc. Waterloo
Name of publisher, distributor, etc. Centre for International Governance Innovation
Date of publication, distribution, etc. 2010
300 ## - PHYSICAL DESCRIPTION
Extent viii, 318 p. ; 23 cm.
500 ## - GENERAL NOTE
General note Includes bibliographical references and index.
520 ## - SUMMARY, ETC.
Summary, etc. Rising States, Rising Institutions features a panel of distinguished scholars who examine the forces at work: Gregory Chin (York University), Daniel W. Drezner (Tufts University), Thomas Hale (Princeton University), Andrew Hurrell (Oxford University), G. John Ikenberry (Princeton University), John Kirton (University of Toronto), Flynt Leverett (New America Foundation), Steven E. Miller (Harvard University), Andrew Moravcsik (Princeton University), Amrita Narlikar (Cambridge University), and Anne-Marie Slaughter (U.S. State Department). Together they analyze different models of international cooperation, the states that have most actively challenged the existing order, and leading and emergent international institutions such as the G-20, the nascent regime for sovereign wealth funds, the International Atomic Energy Agency, and the entities organized to foster cooperation in the war on terror.
650 ## - SUBJECT ADDED ENTRY--TOPICAL TERM
Topical term or geographic name entry element International organization.
Holdings
Withdrawn status Lost status Damaged status Not for loan Home library Current library Date acquired Total checkouts Full call number Barcode Date last seen Price effective from Koha item type
        UONGOZI Institute Resources Centre - Dodoma UONGOZI Institute Resources Centre - Dodoma 01/17/2025   341.2RIS 004628 01/31/2025 01/17/2025 Book